| 000 | 00516nam a2200181Ia 4500 | ||
|---|---|---|---|
| 005 | 20250326124121.0 | ||
| 008 | 250326s9999 xx 000 0 und d | ||
| 037 | _aTextbook | ||
| 040 |
_aFMSL _beng _cFMSL |
||
| 041 |
_aeng _2eng |
||
| 084 |
_aX:28 L5 _qFMSL |
||
| 100 |
_aAnderson N G _9736806 |
||
| 245 | 0 |
_aFrom concept to production: management approach _cAnderson N G |
|
| 260 |
_aLondon _bLondon, Taylor & Francis _c1975 |
||
| 300 | _a292p | ||
| 942 |
_cTB _hX:28 L5 |
||
| 999 |
_c1272362 _d1272362 |
||